Practical aviation security : (Record no. 1314)

MARC details
000 -LEADER
fixed length control field 00834nam a22002897a 4500
001 - CONTROL NUMBER
control field 19076783
003 - CONTROL NUMBER IDENTIFIER
control field OSt
005 - DATE AND TIME OF LATEST TRANSACTION
control field 20240625135937.0
008 - FIXED-LENGTH DATA ELEMENTS--GENERAL INFORMATION
fixed length control field 240625b |||||||| |||| 00| 0 eng d
010 ## - LIBRARY OF CONGRESS CONTROL NUMBER
LC control number 2016939475
020 ## - INTERNATIONAL STANDARD BOOK NUMBER
International Standard Book Number 9780128042939
040 ## - CATALOGING SOURCE
Original cataloging agency KMU
Language of cataloging eng
Description conventions rda
Transcribing agency KMU
Modifying agency KMU
042 ## - AUTHENTICATION CODE
Authentication code pcc
050 ## - LIBRARY OF CONGRESS CALL NUMBER
Classification number TL725.S44
100 1# - MAIN ENTRY--PERSONAL NAME
Personal name Price, Jeffrey C.
245 10 - TITLE STATEMENT
Title Practical aviation security :
Remainder of title predicting and preventing future threats /
Statement of responsibility, etc. Jeffrey C. Price, Jeffrey S. Forrest.
250 ## - EDITION STATEMENT
Edition statement 3rd edn.
263 ## - PROJECTED PUBLICATION DATE
Projected publication date 1609
264 #1 - PRODUCTION, PUBLICATION, DISTRIBUTION, MANUFACTURE, AND COPYRIGHT NOTICE
Place of production, publication, distribution, manufacture Cambridge, MA :
Name of producer, publisher, distributor, manufacturer Elsevier,
Date of production, publication, distribution, manufacture, or copyright notice 2016.
300 ## - PHYSICAL DESCRIPTION
Extent pages cm
336 ## - CONTENT TYPE
Content type term text
Content type code txt
Source rdacontent
337 ## - MEDIA TYPE
Media type term unmediated
Media type code n
Source rdamedia
338 ## - CARRIER TYPE
Carrier type term volume
Carrier type code nc
Source rdacarrier
906 ## - LOCAL DATA ELEMENT F, LDF (RLIN)
a 0
b ibc
c orignew
d 2
e epcn
f 20
g y-gencatlg
942 ## - ADDED ENTRY ELEMENTS (KOHA)
Source of classification or shelving scheme Library of Congress Classification
Koha item type Non-Fiction
Suppress in OPAC No
Holdings
Withdrawn status Lost status Source of classification or shelving scheme Damaged status Not for loan Collection Home library Current library Shelving location Date acquired Source of acquisition Total Checkouts Full call number Barcode Date last seen Price effective from Koha item type
    Library of Congress Classification     Non-fiction Kapasa Makasa University Kapasa Makasa University Open Access 25.06.2024 Book Aid International   TL725.S44 PRI 300779 25.06.2024 25.06.2024 Non-Fiction